Vista normal
Vista MARC
Entrada Personal Name
Número de registros utilizados en: 3
001 - CONTROL NUMBER
- control field: 6647
003 - CONTROL NUMBER IDENTIFIER
- control field: OSt
005 - DATE AND TIME OF LATEST TRANSACTION
- control field: 20230915225847.0
008 - FIXED-LENGTH DATA ELEMENTS
- fixed length control field: 230915|| aca||aabn | a|a d
040 ## - CATALOGING SOURCE
- Original cataloging agency: OSt
- Transcribing agency: OSt
100 ## - HEADING--PERSONAL NAME
- Personal name: España. Instituto Nacional de Semillas y Plantas de Vivero
670 ## - SOURCE DATA FOUND
- Source citation: Work cat.: (OSt)19351: España. Instituto Nacional de Semillas y Plantas de Vivero, Manual de descripción de variedades híbridas de maíz, 1992